00000000nam##2200000za#4500
0019.625749
003CaOODSP
00520250319165108
007ta
008150406|2001||||xxc|||||     f|0| 0 fre|d
020 |a0-662-86137-X
040 |aCaOODSP|bfre
043 |an-cn---
0861 |aH39-590/2001F
1101 |aCanada.|bSanté Canada. |bDirection générale de la santé de la population et de la santé publique.
24510|aLes aînés et la technologie / |cPublié par le Conseil consultatif national sur le troisième âge.
260 |aOttawa - Ontario : |bSanté Canada. |c2001.
300 |a78p. : |bgraphiques, références ; |c28 cm.
4901 |aÉcrits en gérontologie|v17
563 |aCouverture souple
590 |a01-44|b2001-11-02
69107|aTechnologie|2gcpds
69107|aAîné|2gcpds
7760#|tLes aînés et la technologie |w(CaOODSP)9.604174
830#0|aÉcrits en gérontologie ;|v17|w(CaOODSP)9.513099